000 00307nam a2200133Ia 4500
005 20260328104308.0
008 260328s9999||||xx |||||||||||||| ||und||
100 _aDaab
245 0 _aAustralia :
_b Architecture & Design /
_cDaab
260 _bDaab
300 _a232 p.
650 _aAUSTRALIA
942 _cBK
999 _c10833
_d10833